000 00628nam a22002297a 4500
003 UA-OsUOA
001 56032
007 ta
008 20080929b un ||||| |||| 00| 0 ukr d
100 _aПасховер А.
700 _aБироваш М.
090 _a330
_bП19
942 _cSA
040 _aUA-OsUOA
_bukr
_cUA-OsUOA
_dUA-OsUOA
245 _aВеликая депресия/ Финансовый кризис в США
300 _aС.39-42
955 _a0
041 _aukr
080 _a330
773 0 _w56031
_tКорреспондент
_dК.
_d2008
_g36
650 7 _a330 Економіка взагалі
_2UDC
999 _c342165
_d342165